The Girl Who Lived Twice/ (Record no. 177355)
[ view plain ]
| 000 -LEADER | |
|---|---|
| fixed length control field | 00651nam a22002057a 4500 |
| 005 - DATE AND TIME OF LATEST TRANSACTION | |
| control field | 20210219114137.0 |
| 010 ## - LCCN (DPL NO) | |
| LC control number | ENG-129039 |
| 020 ## - INTERNATIONAL STANDARD BOOK NUMBER | |
| Terms of availability | 599.00 |
| International Standard Book Number | 978-0-8570-5637-5 |
| 035 ## - SYSTEM CONTROL NUMBER | |
| System control number | EN-112571 |
| 037 ## - SOURCE OF ACQUISITION | |
| Source of stock number/acquisition | DBAD/PUB |
| 082 ## - DEWEY DECIMAL CLASSIFICATION NUMBER | |
| Classification number | N |
| 100 ## - MAIN ENTRY--PERSONAL NAME | |
| Personal name | Lagercrantz, David |
| 245 ## - TITLE STATEMENT | |
| Title | The Girl Who Lived Twice/ |
| Statement of responsibility, etc | David Lagercrantz |
| 260 ## - PUBLICATION, DISTRIBUTION, ETC. (IMPRINT) | |
| Place of publication, distribution, etc | Gurugram |
| Name of publisher, distributor, etc | Hachette Book Publishing India Pvt. Ltd. |
| Date of publication, distribution, etc | 2019 |
| 270 ## - ADDRESS | |
| City | Gurugram |
| Address | 4th/5th Floors, Corporate Centre, Plot No- 94, Sec- 44 |
| Postal code | 122003 |
| 300 ## - PHYSICAL DESCRIPTION | |
| Extent | 357p. |
| Dimensions | 24cm(pbk) |
| 500 ## - GENERAL NOTE | |
| General note | Translated from the Swedish By George Goulding |
| 700 ## - ADDED ENTRY--PERSONAL NAME | |
| Personal name | Goulding, George, Tr. |
| 942 ## - ADDED ENTRY ELEMENTS (KOHA) | |
| Source of classification or shelving scheme | Dewey Decimal Classification |
| Item type | English Books |
| Classification part | N |
| Call number suffix | LAG |
| Withdrawn status | Lost status | Not for loan | Collection code | Home library | Current library | Date acquired | Source of acquisition | Cost, normal purchase price | Full call number | Barcode | Copy number | Cost, replacement price | Koha item type |
|---|---|---|---|---|---|---|---|---|---|---|---|---|---|
| Fiction | Ashok Vihar | Ashok Vihar | 19/02/2021 | DBAD/PUB | 599.00 | N LAG | EN-112571 | 1 | 599.00 | English Books |
